| 000 | 00000nam##2200000za#4500 |
| 001 | 9.601690 |
| 003 | CaOODSP |
| 005 | 20210624210207 |
| 007 | cr ||||||||||| |
| 008 | 150406|2004||||xxc|||||o f|0| 0 fre|d |
| 040 | |aCaOODSP|bfre |
| 043 | |an-cn--- |
| 086 | 1 |aYC33-0/373-3F-PDF |
| 110 | 1 |aCanada. |bParlement. |bSénat. |bComité sénatorial permanent de la sécurité nationale et de la défense. |
| 245 | 10|aLes urgences nationales : |h[ressource électronique]|ble Canada, fragile en première ligne / |cL'honorable Colin Kenny, président ; l'honorable J. Michael Forrestall, vice-président. |
| 260 | |aOttawa - Ontario : |bSénat. |cMars 2004. |
| 300 | |a227p., 362p., 327p.|bgraphiques, références, tableaux |
| 490 | 1 |aRapport du Comité sénatorial permanent de la sécurité nationale et de la défense|v37e législature, 3e session, [3e rapport] |
| 500 | |aSommaire : Volume 1: Stratégie de renforcement -- Vol.2 -- Vol. 3. |
| 590 | |a11-12-Supp|b2011-07-29 |
| 775 | 08|tNational emergencies : |w(CaOODSP)9.571047 |
| 830 | #0|aRapport du Comité sénatorial permanent de la sécurité nationale et de la défense ;|v37e législature, 3e session, [3e rapport]|w(CaOODSP)9.501649 |
| 856 | 40|ahttp://publications.gc.ca|qPDF|s879 Ko|uhttps://publications.gc.ca/collections/collection_2011/sen/yc33-0/YC33-0-373-3-1-fra.pdf |
| 856 | 40|ahttp://publications.gc.ca|qPDF|s1.19 Mo|uhttps://publications.gc.ca/collections/collection_2011/sen/yc33-0/YC33-0-373-3-2-fra.pdf |
| 856 | 40|ahttp://publications.gc.ca|qPDF|s1.21 Mo|uhttps://publications.gc.ca/collections/collection_2011/sen/yc33-0/YC33-0-373-3-3-fra.pdf|y37e législature, 3e session, [3e rapport] |